00911cam a2200229 a 450000100100000000500170001000800410002702000150006804000250008308200150010824501250012326000530024830000350030149000380033650400330037459000260040770000300043370000370046383000450050095201190054599900170066400001923520200929165946.0750417s1974 xxcb rb 000 0 eng d a0802062334 aDO-SdBNPbspacBNPHU axxxxbxxxx00aBy great waters :ba Newfoundland and labrador anthology /cedición y introducción Peter Neary y Patrick O'Flaherty. aToronto, Canada :bUniversity of Toronto,c1974. axi, 262 p. :bmapas, ;c22 cm.1 aThe social history of Canada.v21 aBibliografía : p. 254-262. aInventariado, 2019/BT1 aNeary, Peter,eed.9413881 aO'Flaherty, Patrick,eed.941389 0aThe social history of Canada.n21941390 001054708MOaGRbGRcHDd2010-05-28iLF1l0oxxxx xxxxp19235-10r2020-06-25w2020-06-25y4ZPréstamo en sala c18753d18753